[Event "OLNW 2223 SK Ricklingen - HSK Lister Tu"]
[Site "?"]
[Date "2022.10.23"]
[Round "1.1"]
[White "von Mettenheim, Johannes"]
[Black "Ackermann, Dennie"]
[Result "0-1"]
[WhiteElo "2231"]
[BlackElo "2106"]
[PlyCount "134"]
[EventDate "2022.??.??"]

1. d4 Nf6 2. c4 e6 3. g3 c5 4. d5 exd5 5. cxd5 g6 6. Nc3 Bg7 7. Bg2 d6 8. Nf3 O-O 9. O-O Re8 10. Re1 Nbd7 11. h3 Ne4 12. Nxe4 Rxe4 13. Qc2 Nf6 14. Bg5 Bf5 15. Bxf6 Qxf6 16. g4 Rxg4 17. e4 Rxg2+ 18. Kxg2 Bxh3+ 19. Kg3 Bd7 20. Qd2 b5 21. Re2 b4 22. a4 Qe7 23. Kg2 Bg4 24. Qf4 f5 25. Re3 Bxb2 26. exf5 Bxf3+ 27. Kxf3 Qf6 28. Rh1 Rf8 29. Ke2 Qxf5 30. Qxf5 Rxf5 31. Re8+ Kf7 32. Ra8 Re5+ 33. Kd3 Rxd5+ 34. Kc4 Rd4+ 35. Kb5 h5 36. Rxa7+ Kf6 37. Rb1 Rd2 38. Ra8 Be5 39. a5 Ra2 40. a6 Bd4 41. a7 Kg7 42. Re1 b3 43. Kc4 b2 44. Re7+ Kh6 45. Rb8 h4 46. f4 h3 47. Rb3 g5 48. Rxh3+ Kg6 49. Rh1 gxf4 50. Kd3 Ra1 51. Rb7 f3 52. Rxb2 Rxa7 53. Rb6 Rd7 54. Ke4 f2 55. Kf3 Rf7+ 56. Kg2 Rf6 57. Rb3 Kf5 58. Rf3+ Ke6 59. Rg3 c4 60. Rg4 Kd5 61. Rd1 Kc5 62. Kf1 Be3 63. Rg3 Re6 64. Rg8 d5 65. Rc8+ Kb4 66. Rxd5 Rh6 67. Ke2 Rh1 0-1

[Event "OLNW 2223 SK Ricklingen - HSK Lister Tu"]
[Site "?"]
[Date "2022.10.23"]
[Round "1.2"]
[White "Spiess, Thomas"]
[Black "Polster, Christian"]
[Result "0-1"]
[WhiteElo "1994"]
[BlackElo "2231"]
[PlyCount "28"]
[EventDate "2022.??.??"]

1. Nf3 d5 2. e3 Nf6 3. c4 e6 4. b3 Be7 5. Bb2 O-O 6. Nc3 c5 7. cxd5 Nxd5 8. Nxd5 exd5 9. Be2 d4 10. exd4 Bf6 11. O-O Nc6 12. a3 Nxd4 13. Nxd4 Bxd4 14. Re1 Qa5 0-1

[Event "OLNW 2223 SK Ricklingen - HSK Lister Tu"]
[Site "?"]
[Date "2022.10.23"]
[Round "1.3"]
[White "Bleecke, Sebastian"]
[Black "Koelle, Arthur"]
[Result "1-0"]
[WhiteElo "2139"]
[BlackElo "2176"]
[PlyCount "101"]
[EventDate "2022.??.??"]

1. e4 e5 2. Bc4 Nf6 3. d3 Nc6 4. Nf3 Bc5 5. c3 d6 6. O-O a6 7. a4 O-O 8. Re1 Bb6 9. h3 h6 10. Nbd2 Ne7 11. a5 Ba7 12. Nf1 Ng6 13. Ba2 Re8 14. Ng3 Be6 15. b4 d5 16. Qc2 c6 17. Bd2 Qc7 18. c4 dxe4 19. dxe4 Rad8 20. c5 Qd7 21. Bxe6 Qxe6 22. Rad1 Bb8 23. Bc1 Bc7 24. Nf5 Kf8 25. Kh2 Ng8 26. g3 N8e7 27. Ne3 f6 28. Kg2 Kf7 29. h4 h5 30. Nd2 Rd4 31. Ndc4 Red8 32. Bb2 R4d7 33. Rxd7 Rxd7 34. Qe2 f5 35. exf5 Nxf5 36. Qxh5 Nfe7 37. Qf3+ Kg8 38. Qe4 Nd5 39. h5 Nge7 40. Nb6 Bxb6 41. axb6 Nxe3+ 42. Rxe3 Nd5 43. Re1 Nf6 44. Qxe5 Qxe5 45. Rxe5 Rd2 46. Bc3 Rc2 47. Be1 Kf7 48. Kf3 Nd5 49. g4 Rb2 50. Rxd5 cxd5 51. c6 1-0

[Event "OLNW 2223 SK Ricklingen - HSK Lister Tu"]
[Site "?"]
[Date "2022.10.23"]
[Round "1.4"]
[White "Herrmann, Andreas"]
[Black "Hoerstmann, Rudi"]
[Result "1-0"]
[WhiteElo "2052"]
[BlackElo "2237"]
[PlyCount "121"]
[EventDate "2022.??.??"]

1. d4 g6 2. Bf4 Bg7 3. e3 c5 4. c3 cxd4 5. exd4 Nf6 6. Nd2 O-O 7. Ngf3 d6 8. Be2 Nc6 9. O-O e5 10. dxe5 dxe5 11. Nxe5 Nd5 12. Nxc6 bxc6 13. Bg3 Bxc3 14. Nc4 Bg7 15. Re1 Be6 16. Rc1 Nb6 17. b3 Bd5 18. Ne5 Re8 19. Bf3 Qf6 20. Bxd5 cxd5 21. Rc7 Qe6 22. f3 Bxe5 23. Rxe5 Qf6 24. Qe1 Kf8 25. Qc3 Rxe5 26. Bxe5 Qf5 27. Qc5+ Kg8 28. Qe7 Qe6 29. Qxe6 fxe6 30. Rg7+ Kf8 31. Rxh7 Rc8 32. Rxa7 Ke8 33. Rb7 Ra8 34. a4 Nd7 35. Bg3 Ra6 36. Bf2 e5 37. Ra7 Rc6 38. Bh4 Rc2 39. Ra8+ Kf7 40. Rd8 Ke6 41. g4 Rb2 42. Re8+ Kd6 43. b4 d4 44. Rg8 Rxb4 45. Rxg6+ Kd5 46. Be7 Rb7 47. a5 e4 48. fxe4+ Kxe4 49. Kg2 d3 50. Bg5 Ne5 51. Rb6 Rg7 52. Rb4+ Kd5 53. a6 Nc6 54. Rb5+ Kc4 55. Rb6 Nd4 56. h4 Nb5 57. Kf2 Rf7+ 58. Ke3 Rd7 59. Rc6+ Kd5 60. Rc8 Ke6 61. Rd8 1-0

[Event "OLNW 2223 SK Ricklingen - HSK Lister Tu"]
[Site "?"]
[Date "2022.10.23"]
[Round "1.5"]
[White "Hoffmann, Lukas"]
[Black "Polnau, Manuel"]
[Result "1-0"]
[WhiteElo "2215"]
[BlackElo "2030"]
[PlyCount "97"]
[EventDate "2022.??.??"]

1. d4 Nf6 2. Bg5 Ne4 3. Bf4 c5 4. d5 Qa5+ 5. c3 d6 6. f3 Nf6 7. e4 g6 8. Na3 Bg7 9. Nc4 Qd8 10. a4 O-O 11. Qd2 Nbd7 12. Ne2 b5 13. axb5 a6 14. Nc1 Bb7 15. Na5 Qb6 16. Nxb7 axb5 17. Rxa8 Rxa8 18. Nxd6 exd6 19. Be2 Ne5 20. b3 Nfd7 21. O-O Ra3 22. Be3 Nf6 23. h3 Qc7 24. Bxb5 c4 25. Qb2 Ra8 26. Bxc4 Nxc4 27. bxc4 Nd7 28. Qb5 Bxc3 29. Nd3 Rb8 30. Qc6 Qxc6 31. dxc6 Nf8 32. Nf4 Ne6 33. Nd5 Ba5 34. Ra1 Bd8 35. Ra7 Rc8 36. Ra6 Kf8 37. g4 Ke8 38. Kg2 Kf8 39. f4 Ke8 40. Kf3 Kf8 41. f5 Nc7 42. Ra7 Ne8 43. Bf4 Kg7 44. g5 gxf5 45. exf5 Kf8 46. Rd7 f6 47. g6 hxg6 48. fxg6 Bc7 49. Nxc7 1-0

[Event "OLNW 2223 SK Ricklingen - HSK Lister Tu"]
[Site "?"]
[Date "2022.10.23"]
[Round "1.6"]
[White "Witthaus, Joerg"]
[Black "Hoerstmann, Martin"]
[Result "0-1"]
[WhiteElo "2027"]
[BlackElo "2205"]
[PlyCount "140"]
[EventDate "2022.??.??"]

1. d4 g6 2. c4 Bg7 3. Nc3 d6 4. e4 e5 5. Be3 exd4 6. Bxd4 Nf6 7. Be2 O-O 8. Nf3 Nc6 9. O-O Re8 10. Bd3 Nxd4 11. Nxd4 Nd7 12. Nde2 c6 13. Rb1 a5 14. Qd2 Qc7 15. Rbd1 Nc5 16. Bc2 Be6 17. b3 Rad8 18. Nd4 Bc8 19. Rde1 Qb6 20. Nf3 Bg4 21. Nb1 Bxf3 22. gxf3 Ne6 23. Qe3 Bd4 24. Qh6 Be5 25. Qe3 Qc7 26. Nc3 Qe7 27. Ne2 Qh4 28. Ng3 Qf6 29. Kh1 Kh8 30. Rg1 Bd4 31. Qe2 Be5 32. Ref1 Nd4 33. Qd1 Nxf3 34. Rg2 Qf4 35. Ne2 Qh4 36. Ng3 Qf4 37. Ne2 Qh4 38. Ng3 Ng5 39. Qd2 Ne6 40. Ne2 Nf4 41. Nxf4 Qxf4 42. Qxf4 Bxf4 43. Rd1 Kg7 44. f3 Kf6 45. Rd3 Ke5 46. Rg1 Ke6 47. Re1 Kd7 48. Kg2 Re5 49. Rh1 Kc7 50. Kf2 Rh5 51. Rdd1 Re8 52. h4 Kb6 53. Rdg1 Re6 54. Rg4 Rf6 55. Rd1 Kc5 56. Bd3 Kb4 57. Re1 Kc3 58. Rd1 a4 59. Be2 a3 60. Bd3 g5 61. hxg5 Rxg5 62. Rxg5 Bxg5 63. Kg3 Be3 64. Bb1 Kb2 65. e5 dxe5 66. Kg4 Rh6 67. b4 Bd4 68. f4 Rh2 69. b5 Rg2+ 70. Kf3 Rg1 0-1

[Event "OLNW 2223 SK Ricklingen - HSK Lister Tu"]
[Site "?"]
[Date "2022.10.23"]
[Round "1.7"]
[White "Braeutigam, Mike"]
[Black "Arntz, Christoph"]
[Result "0-1"]
[WhiteElo "1933"]
[BlackElo "1903"]
[PlyCount "106"]
[EventDate "2022.??.??"]

1. Nf3 Nf6 2. g3 e6 3. Bg2 d5 4. O-O Bd6 5. d3 O-O 6. Nbd2 c5 7. e4 Nc6 8. Re1 Bc7 9. c3 b6 10. Qa4 Bb7 11. a3 a6 12. Nf1 b5 13. Qc2 h6 14. h4 c4 15. e5 cxd3 16. Qxd3 Ne4 17. Bf4 Na5 18. h5 Nb3 19. Rad1 Qe7 20. Qc2 Nbc5 21. N1h2 Bb6 22. Ng4 Nd7 23. Nd4 Ng5 24. Qd2 Bxd4 25. Qxd4 Rfc8 26. Qe3 Rc4 27. Rd4 Rac8 28. Red1 Rxd4 29. Rxd4 Nc5 30. Bf1 Na4 31. Bxg5 Qxg5 32. Qxg5 hxg5 33. Rd2 Nb6 34. Rd4 Na4 35. Rd2 Nb6 36. Be2 Nd7 37. f4 gxf4 38. gxf4 f5 39. exf6 gxf6 40. Ne3 f5 41. Bf3 Kf7 42. Rd4 Nf6 43. c4 bxc4 44. Nxc4 Rxc4 45. Rxc4 dxc4 46. Bxb7 a5 47. Kf2 Nxh5 48. Kf3 Ke7 49. Ba6 c3 50. bxc3 Kd6 51. Bc4 Nf6 52. Bb3 Ne4 53. Ke3 Nxc3 0-1

[Event "OLNW 2223 SK Ricklingen - HSK Lister Tu"]
[Site "?"]
[Date "2022.10.23"]
[Round "1.8"]
[White "Traulsen, Timo"]
[Black "Gabriel, Uwe"]
[Result "0-1"]
[WhiteElo "1707"]
[BlackElo "1979"]
[PlyCount "60"]
[EventDate "2022.??.??"]

1. d4 Nf6 2. Nf3 c5 3. d5 d6 4. c4 b5 5. cxb5 a6 6. bxa6 Bxa6 7. Nc3 g6 8. g3 Bg7 9. Bg2 Nbd7 10. O-O O-O 11. Re1 Qa5 12. e4 Rfb8 13. Nd2 Ne5 14. Bf1 Nfd7 15. Nb3 Rxb3 16. f4 Rxc3 17. fxe5 Nxe5 18. bxc3 Qxc3 19. Be3 Qxe1 20. Qxe1 Nf3+ 21. Kf2 Nxe1 22. Rxe1 Bxf1 23. Kxf1 Rxa2 24. Rb1 f5 25. Rb7 Kf7 26. exf5 Rxh2 27. Bf4 Kf6 28. fxg6 hxg6 29. Kg1 Rh5 30. Bd2 Kf7 0-1

[Event "OLNW 2223 Hamelner SV - SV Werder Breme"]
[Site "?"]
[Date "2022.10.23"]
[Round "1.1"]
[White "Lichmann, Peter"]
[Black "Bode, Wilfried"]
[Result "1/2-1/2"]
[WhiteElo "2324"]
[BlackElo "2358"]
[PlyCount "70"]
[EventDate "2022.??.??"]

1. e4 e6 2. d3 d5 3. Nd2 Nc6 4. Ngf3 e5 5. g3 Be6 6. Bg2 Qd7 7. O-O f6 8. c3 Nge7 9. d4 exd4 10. Nxd4 Nxd4 11. cxd4 Nc6 12. Nb3 dxe4 13. Bxe4 O-O-O 14. Be3 Bd5 15. Qf3 Bxe4 16. Qxe4 Qd5 17. Qxd5 Rxd5 18. Rfd1 b6 19. Rac1 Kb7 20. f3 Rd7 21. a3 Ne7 22. Bf2 Nd5 23. Nd2 Be7 24. Re1 Rhd8 25. b4 a5 26. bxa5 Bxa3 27. Rb1 Bb4 28. Ne4 Bxe1 29. Bxe1 Re7 30. Bd2 Rde8 31. axb6 Nxb6 32. d5 Re5 33. d6 Rd5 34. dxc7 Kxc7 35. Bf4+ Kc6 1/2-1/2

[Event "OLNW 2223 Hamelner SV - SV Werder Breme"]
[Site "?"]
[Date "2022.10.23"]
[Round "1.2"]
[White "Tonndorf, Matthias"]
[Black "Buchal, Stephan"]
[Result "0-1"]
[WhiteElo "2139"]
[BlackElo "2245"]
[PlyCount "56"]
[EventDate "2022.??.??"]

1. e4 g6 2. d4 Bg7 3. Nc3 d6 4. Be3 a6 5. f3 b5 6. a4 b4 7. Na2 a5 8. c3 bxc3 9. Nxc3 Nf6 10. e5 Nfd7 11. f4 O-O 12. Qf3 c6 13. O-O-O Nb6 14. Bd3 Ba6 15. Bb1 Nc4 16. Ba2 Qb6 17. Bxc4 Bxc4 18. h4 Na6 19. Nh3 Nb4 20. Nf2 Rab8 21. Rd2 Nd5 22. Nfd1 Bb3 23. h5 Bxd1 24. Nxd1 Qb3 25. Kb1 Rb4 26. Rc2 Rxa4 27. Qh3 Nb4 28. Rc3 Ra1+ 0-1

[Event "OLNW 2223 Hamelner SV - SV Werder Breme"]
[Site "?"]
[Date "2022.10.23"]
[Round "1.3"]
[White "Steffens, Olaf"]
[Black "Renner, Kai"]
[Result "0-1"]
[WhiteElo "2060"]
[BlackElo "2136"]
[PlyCount "78"]
[EventDate "2022.??.??"]

1. b4 e5 2. a3 d5 3. Bb2 Bd6 4. c4 dxc4 5. e3 Nf6 6. Bxc4 O-O 7. Nc3 Qe7 8. Qc2 Be6 9. Be2 Nbd7 10. Nf3 Rac8 11. Ng5 c5 12. b5 Rfe8 13. O-O h6 14. Nxe6 Qxe6 15. Ne4 Rc7 16. Bc4 Qe7 17. Ng3 Nb6 18. Nf5 Qd8 19. Ba2 Bf8 20. f4 e4 21. Rad1 Qd3 22. Qxd3 exd3 23. Nxh6+ gxh6 24. Bxf6 c4 25. Rf3 Kh7 26. Rg3 Rc5 27. Bd4 Rxb5 28. Rc1 Bxa3 29. Rg7+ Kh8 30. Rc3 Rd5 31. Bf6 Re6 32. Rxf7+ Rxf6 33. Rxf6 Bb2 34. Rxb6 Bxc3 35. Rxb7 Bxd2 36. Kf2 Rc5 37. Rxa7 c3 38. Rd7 c2 39. Rxd3 c1=Q 0-1

[Event "OLNW 2223 Hamelner SV - SV Werder Breme"]
[Site "?"]
[Date "2022.10.23"]
[Round "1.4"]
[White "Koch, Yannick"]
[Black "Heldt, Nils-Lennart"]
[Result "0-1"]
[WhiteElo "2094"]
[BlackElo "2059"]
[PlyCount "80"]
[EventDate "2022.??.??"]

1. d4 d5 2. c4 c6 3. Nc3 Nf6 4. e3 e6 5. Nf3 Nbd7 6. Qc2 Be7 7. b3 O-O 8. Bd3 b6 9. O-O Bb7 10. Bb2 h6 11. Rad1 Qc8 12. Ne2 dxc4 13. Qxc4 c5 14. Ne5 Bd5 15. Qc2 cxd4 16. Nxd7 Nxd7 17. e4 Bb7 18. Bxd4 Qxc2 19. Bxc2 Rac8 20. Bd3 Nc5 21. Bb1 Nxe4 22. f3 Nf6 23. Kf2 Rfd8 24. Rfe1 Bb4 25. Rh1 Ba6 26. g4 e5 27. Be3 Nd5 28. Ng3 Nxe3 29. Rxd8+ Rxd8 30. Kxe3 Bc5+ 31. Ke4 Bb7+ 32. Kf5 g6+ 33. Kf6 Rd6+ 34. Ke7 Bxf3 35. Rf1 Bxg4 36. Ke8 Bd7+ 37. Ke7 Bb5 38. Rh1 Re6+ 39. Kd8 Bd6 40. Kc8 Bc6 0-1

[Event "OLNW 2223 Hamelner SV - SV Werder Breme"]
[Site "?"]
[Date "2022.10.23"]
[Round "1.5"]
[White "Diederichsen, Detlev"]
[Black "Helmer, Jan"]
[Result "0-1"]
[WhiteElo "2179"]
[BlackElo "2029"]
[PlyCount "78"]
[EventDate "2022.??.??"]

1. Nf3 Nf6 2. d4 d5 3. c4 e6 4. e3 Be7 5. Nc3 O-O 6. Bd3 b6 7. O-O dxc4 8. Bxc4 Bb7 9. Qe2 Qc8 10. e4 c5 11. dxc5 Qxc5 12. e5 Nd5 13. Ne4 Qc7 14. Bd2 Nc6 15. Rac1 Rfd8 16. a3 Rac8 17. Bd3 Qb8 18. Neg5 g6 19. h4 Bf8 20. h5 Bg7 21. Nxh7 Kxh7 22. hxg6+ fxg6 23. Ng5+ Kg8 24. Bxg6 Nxe5 25. Bh7+ Kh8 26. Qh5 Nf6 27. Qh3 Rxd2 28. Be4+ Kg8 29. Qxe6+ Kf8 30. Bxb7 Re8 31. Rc8 Qxc8 32. Bxc8 Rxe6 33. Bxe6 Rxb2 34. Rc1 Bh6 35. f4 Nd3 36. Rc7 Nxf4 37. Nh7+ Nxh7 38. Rxh7 Bg7 39. Bh3 Ra2 0-1

[Event "OLNW 2223 Hamelner SV - SV Werder Breme"]
[Site "?"]
[Date "2022.10.23"]
[Round "1.6"]
[White "van Son, Lutz"]
[Black "Pollmann, Sascha"]
[Result "1/2-1/2"]
[WhiteElo "2169"]
[BlackElo "2073"]
[PlyCount "45"]
[EventDate "2022.??.??"]

1. e4 c5 2. Nf3 g6 3. c4 Bg7 4. Nc3 Nc6 5. Be2 d6 6. O-O Nf6 7. d3 O-O 8. h3 Rb8 9. Be3 a6 10. a4 Bd7 11. Qd2 Ne8 12. d4 cxd4 13. Nxd4 Nf6 14. f3 Re8 15. Rfd1 Qa5 16. b3 Nxd4 17. Bxd4 Be6 18. Rab1 Qb4 19. Be3 Nd7 20. Nd5 Qxd2 21. Rxd2 Bxd5 22. exd5 a5 23. Bd3 1/2-1/2

[Event "OLNW 2223 Hamelner SV - SV Werder Breme"]
[Site "?"]
[Date "2022.10.23"]
[Round "1.7"]
[White "Buescher, Andre"]
[Black "Schmidt, Dennis"]
[Result "1/2-1/2"]
[WhiteElo "2049"]
[BlackElo "2056"]
[PlyCount "77"]
[EventDate "2022.??.??"]

1. e4 c5 2. g3 Nc6 3. Bg2 g6 4. Ne2 Bg7 5. c3 e6 6. O-O Nge7 7. d4 cxd4 8. cxd4 d5 9. e5 O-O 10. g4 f6 11. exf6 Bxf6 12. Be3 Bd7 13. Nbc3 Na5 14. b3 b5 15. Nf4 Rc8 16. Qd2 Qb6 17. Nce2 Nb7 18. Nd3 Nc6 19. Ne5 Be8 20. f4 Ne7 21. Ng3 Nd6 22. Rad1 b4 23. f5 exf5 24. gxf5 Ndxf5 25. Nxf5 Nxf5 26. Bxd5+ Kh8 27. Bf2 Rd8 28. Nc4 Qb5 29. Bg2 Nxd4 30. Qh6 Ne2+ 31. Kh1 Bc6 32. Bh4 Bxg2+ 33. Kxg2 Qc6+ 34. Kh3 Qe6+ 35. Kg2 Qe4+ 36. Kh3 Qe6+ 37. Kg2 Qe4+ 38. Kh3 Qe6+ 39. Kg2 1/2-1/2

[Event "OLNW 2223 Hamelner SV - SV Werder Breme"]
[Site "?"]
[Date "2022.10.23"]
[Round "1.8"]
[White "Jacobi, Felix-Hagen"]
[Black "Weidenhoefer, Max"]
[Result "0-1"]
[WhiteElo "2095"]
[BlackElo "1805"]
[PlyCount "44"]
[EventDate "2022.??.??"]

1. e4 c6 2. d4 d5 3. exd5 cxd5 4. Bd3 Nc6 5. c3 Nf6 6. h3 e6 7. Bg5 Be7 8. Nd2 Bd7 9. f4 h6 10. Bxf6 Bxf6 11. Qf3 Qb6 12. O-O-O Nxd4 13. cxd4 Qxd4 14. Re1 Qxb2+ 15. Kd1 Bc3 16. Re2 Ba4+ 17. Nb3 Bxb3+ 18. axb3 Qa1+ 19. Kc2 Rc8 20. Bc4 Qb2+ 21. Kd3 dxc4+ 22. bxc4 Rd8+ 0-1

[Event "OLNW 2223 SV Hellern - SK Nordhorn Blan"]
[Site "?"]
[Date "2022.10.23"]
[Round "1.1"]
[White "Kroeze, Frank"]
[Black "Hoffmann, Alexander"]
[Result "1-0"]
[WhiteElo "2387"]
[BlackElo "2408"]
[PlyCount "87"]
[EventDate "2022.??.??"]

1. e4 c5 2. Nf3 e6 3. d4 cxd4 4. Nxd4 a6 5. Nc3 Qc7 6. g3 d6 7. Bg2 Bd7 8. O-O Nc6 9. Nb3 Nf6 10. f4 Be7 11. Be3 Rc8 12. Kh1 b5 13. a3 h6 14. Qe2 O-O 15. g4 Nh7 16. Rf3 b4 17. axb4 Nxb4 18. g5 hxg5 19. fxg5 e5 20. Rg3 g6 21. h4 Be6 22. Na5 Rfe8 23. Qf2 Nf8 24. Bf3 Rb8 25. Ba7 Rbc8 26. Bb6 Qb8 27. Be3 Qc7 28. Rg2 Rb8 29. Ba7 Rbc8 30. Bb6 Qb8 31. Be3 Bd8 32. h5 Nc6 33. Nb3 Nb4 34. Ra3 Be7 35. Rh2 Red8 36. Qh4 d5 37. hxg6 Nxg6 38. Qh7+ Kf8 39. Bh5 Ke8 40. Bxg6 fxg6 41. Qxg6+ Kd7 42. exd5 Nxd5 43. Rxa6 Bg8 44. Qf5+ 1-0

[Event "OLNW 2223 SV Hellern - SK Nordhorn Blan"]
[Site "?"]
[Date "2022.10.23"]
[Round "1.2"]
[White "Gronde, Ingo"]
[Black "Lambrechts, Koen"]
[Result "1-0"]
[WhiteElo "2273"]
[BlackElo "2292"]
[PlyCount "105"]
[EventDate "2022.??.??"]

1. e4 c5 2. Nf3 d6 3. d4 cxd4 4. Nxd4 Nf6 5. Nc3 a6 6. Bc4 e6 7. O-O b5 8. Bb3 Nbd7 9. Bxe6 fxe6 10. Nxe6 Qb6 11. Nd5 Nxd5 12. exd5 Nf6 13. Re1 Bxe6 14. Rxe6+ Kd8 15. Bg5 Be7 16. Qe2 Qc7 17. Re1 Ra7 18. Bxf6 gxf6 19. Qe4 Rb7 20. b3 b4 21. Re3 h5 22. Qg6 Qc5 23. Rxe7 Rxe7 24. Rxe7 Kxe7 25. Qg7+ Kd8 26. Qxh8+ Kc7 27. Qh7+ Kb6 28. Qd3 Qa5 29. Qd4+ Kc7 30. Qc4+ Kd8 31. g3 Ke7 32. Qe4+ Kf7 33. Qh7+ Kf8 34. Qh8+ Ke7 35. Qg7+ Ke8 36. Qxf6 Qxd5 37. Qg6+ Kd8 38. Qd3 Qe5 39. h4 a5 40. Kg2 Kc7 41. f4 Qe8 42. Kf2 Qh8 43. Qd5 Kd7 44. Qb5+ Ke6 45. f5+ Ke7 46. Qb7+ Kf6 47. Qd7 Ke5 48. Qe6+ Kd4 49. Qxd6+ Kc3 50. f6 Qe8 51. Qe7 Qg6 52. f7 Qf5+ 53. Kg1 1-0

[Event "OLNW 2223 SV Hellern - SK Nordhorn Blan"]
[Site "?"]
[Date "2022.10.23"]
[Round "1.3"]
[White "Rietman, Frits"]
[Black "Stock, Joerg"]
[Result "1-0"]
[WhiteElo "2232"]
[BlackElo "2191"]
[PlyCount "75"]
[EventDate "2022.??.??"]

1. e4 c6 2. d4 d5 3. exd5 cxd5 4. Bd3 Nc6 5. c3 Nf6 6. h3 e5 7. dxe5 Nxe5 8. Nf3 Nxd3+ 9. Qxd3 Be7 10. Be3 O-O 11. Nbd2 Re8 12. O-O Be6 13. Rfe1 Qc7 14. Bg5 h6 15. Bh4 Nh5 16. Bxe7 Rxe7 17. Qd4 b6 18. Nf1 Rae8 19. a4 Qf4 20. a5 bxa5 21. Rxa5 Rb8 22. b4 Rc7 23. Ra3 Rbc8 24. Re3 Qf6 25. N1d2 Qg6 26. Kh2 Qc2 27. Rxa7 Rxa7 28. Qxa7 Rxc3 29. Rxc3 Qxc3 30. b5 Kh7 31. b6 Qc5 32. Qb8 Qxf2 33. b7 Bxh3 34. Kxh3 g5 35. g3 f5 36. Qc7+ Kg6 37. Ne5+ Kf6 38. Qb6+ 1-0

[Event "OLNW 2223 SV Hellern - SK Nordhorn Blan"]
[Site "?"]
[Date "2022.10.23"]
[Round "1.4"]
[White "Lehmann, Holger"]
[Black "Elgersma, Simon"]
[Result "0-1"]
[WhiteElo "2133"]
[BlackElo "2199"]
[PlyCount "58"]
[EventDate "2022.??.??"]

1. c4 e6 2. Nc3 d5 3. d4 Nf6 4. cxd5 exd5 5. Bg5 c6 6. e3 Bd6 7. Bd3 O-O 8. Nge2 Re8 9. Qc2 h6 10. Bh4 a5 11. Bg3 Na6 12. a3 Nc7 13. O-O Ne6 14. Rfe1 Ng5 15. Bxd6 Qxd6 16. Ng3 h5 17. e4 dxe4 18. Ncxe4 Ngxe4 19. Nxe4 Nxe4 20. Bxe4 Be6 21. Qc5 Qxc5 22. dxc5 Bb3 23. Re3 a4 24. Rae1 g6 25. g3 Re5 26. Bf3 Rxc5 27. Re7 Rb5 28. Kg2 Be6 29. Re2 Rc8 0-1

[Event "OLNW 2223 SV Hellern - SK Nordhorn Blan"]
[Site "?"]
[Date "2022.10.23"]
[Round "1.5"]
[White "Bertholee, Rob"]
[Black "Lewin, Tammo"]
[Result "1-0"]
[WhiteElo "2324"]
[BlackElo "2067"]
[PlyCount "75"]
[EventDate "2022.??.??"]

1. c4 e5 2. Nc3 f5 3. e3 Nf6 4. d4 d6 5. dxe5 dxe5 6. Qxd8+ Kxd8 7. Nf3 Bd6 8. c5 Bxc5 9. Nxe5 Ke7 10. Nd3 Bd6 11. Nb5 Nc6 12. Nxd6 cxd6 13. b3 Be6 14. Bb2 Rac8 15. Be2 Rhd8 16. O-O g5 17. Rfd1 Nd5 18. Rd2 Nf6 19. f3 Nd5 20. Kf2 f4 21. e4 Nb6 22. h4 h6 23. Bg7 Rg8 24. Bxh6 gxh4 25. Nxf4 Ne5 26. Rh1 Nf7 27. Nxe6 Kxe6 28. Be3 Rh8 29. Bxb6 axb6 30. Bc4+ Ke7 31. Bxf7 Kxf7 32. Rhd1 h3 33. gxh3 Rxh3 34. Rxd6 Rc2+ 35. R1d2 Rh2+ 36. Ke3 Rxa2 37. Rxh2 Rxh2 38. Rxb6 1-0

[Event "OLNW 2223 SV Hellern - SK Nordhorn Blan"]
[Site "?"]
[Date "2022.10.23"]
[Round "1.6"]
[White "Happe, Reinhold"]
[Black "Oehne, Timo"]
[Result "1/2-1/2"]
[WhiteElo "2112"]
[BlackElo "2130"]
[PlyCount "45"]
[EventDate "2022.??.??"]

1. c4 Nf6 2. Nc3 c5 3. g3 Nc6 4. Bg2 e6 5. Nf3 Be7 6. O-O O-O 7. d4 d5 8. cxd5 Nxd5 9. Nxd5 Qxd5 10. dxc5 Qxc5 11. Qb3 e5 12. Be3 Qa5 13. Rac1 Qa6 14. a3 Be6 15. Qc2 Rac8 16. Qd3 Qxd3 17. exd3 Rfd8 18. Rfd1 Bf6 19. Ng5 Bxg5 20. Bxg5 f6 21. Bxc6 Rxc6 22. Rxc6 bxc6 23. Be3 1/2-1/2

[Event "OLNW 2223 SV Hellern - SK Nordhorn Blan"]
[Site "?"]
[Date "2022.10.23"]
[Round "1.7"]
[White "Schulz, Jens"]
[Black "Bade, Hans-Juergen"]
[Result "1/2-1/2"]
[WhiteElo "2158"]
[BlackElo "1975"]
[PlyCount "38"]
[EventDate "2022.??.??"]

1. d4 Nf6 2. Nc3 e6 3. e4 d5 4. exd5 exd5 5. Bd3 Nc6 6. Nge2 Bg4 7. f3 Be6 8. Be3 Qd7 9. Qd2 Bf5 10. Bb5 a6 11. Ba4 h5 12. O-O-O O-O-O 13. Bg5 Re8 14. h4 Ng8 15. Ng3 Bg6 16. Rhe1 f6 17. Bf4 Bb4 18. Rxe8+ Bxe8 19. Qf2 Bxc3 1/2-1/2

[Event "OLNW 2223 SV Hellern - SK Nordhorn Blan"]
[Site "?"]
[Date "2022.10.23"]
[Round "1.8"]
[White "Suendorf, Dominik"]
[Black "Bierenbroodspot, Paul"]
[Result "1-0"]
[WhiteElo "1825"]
[BlackElo "2111"]
[PlyCount "67"]
[EventDate "2022.??.??"]

1. e4 d5 2. exd5 Nf6 3. Bb5+ Nbd7 4. Nf3 a6 5. Be2 b5 6. a4 b4 7. c4 g6 8. a5 Rb8 9. O-O Bb7 10. Re1 c6 11. dxc6 Bxc6 12. d4 Qc7 13. d5 Ba8 14. g3 Qb7 15. Nd4 Rc8 16. b3 Bg7 17. Bf3 Qc7 18. Bf4 Qc5 19. Nc6 Kf8 20. Nxe7 Re8 21. d6 Bxf3 22. Qxf3 Nd5 23. Ra2 Nxf4 24. Qxf4 Be5 25. Qh6+ Bg7 26. Nxg6+ hxg6 27. Rxe8+ Kxe8 28. Qxg7 Qh5 29. f3 Qc5+ 30. Kf1 Rf8 31. Re2+ Kd8 32. Qh6 Qxd6 33. Qh4+ Kc8 34. Qe4 1-0

[Event "OLNW 2223 Delmenhorster SK - SV Lingen"]
[Site "?"]
[Date "2022.10.23"]
[Round "1.1"]
[White "Gutman, Lev"]
[Black "Pahl, Erik"]
[Result "1-0"]
[WhiteElo "2345"]
[BlackElo "2209"]
[PlyCount "39"]
[EventDate "2022.??.??"]

1. Nf3 d5 2. g3 Nf6 3. Bg2 c5 4. O-O g6 5. d4 cxd4 6. Nxd4 Bg7 7. c4 dxc4 8. Nb5 Nc6 9. Qxd8+ Kxd8 10. Rd1+ Bd7 11. N1a3 Ne8 12. Nxc4 Nc7 13. a4 Kc8 14. Nxa7+ Rxa7 15. Nb6+ Kb8 16. Nxd7+ Kc8 17. Nb6+ Kb8 18. Bf4 Rd8 19. Nd7+ Kc8 20. Bxc6 1-0

[Event "OLNW 2223 Delmenhorster SK - SV Lingen"]
[Site "?"]
[Date "2022.10.23"]
[Round "1.2"]
[White "Pahl, Theis"]
[Black "Boehme, Arne"]
[Result "1-0"]
[WhiteElo "2162"]
[BlackElo "2175"]
[PlyCount "83"]
[EventDate "2022.??.??"]

1. e4 c5 2. Nc3 e6 3. Nge2 a6 4. g3 d5 5. exd5 exd5 6. d4 cxd4 7. Nxd4 Nf6 8. Bg2 Be7 9. O-O O-O 10. Bg5 Nc6 11. Nb3 h6 12. Bxf6 Bxf6 13. Qxd5 Bxc3 14. Qxd8 Rxd8 15. bxc3 Bf5 16. Nc5 Na5 17. Nxb7 Nxb7 18. Bxb7 Ra7 19. Rab1 Bxc2 20. Rb2 Ba4 21. c4 Bb5 22. Bd5 Rxd5 23. cxd5 Bxf1 24. Kxf1 Kf8 25. Ke2 Rd7 26. Rd2 Ke7 27. Ke3 Kd6 28. Kd4 Rb7 29. Rc2 Rb4+ 30. Rc4 Rb6 31. f4 a5 32. a4 h5 33. Rc6+ Rxc6 34. dxc6 Kxc6 35. f5 Kd6 36. Kc4 Ke5 37. Kb5 Kxf5 38. Kxa5 h4 39. Kb5 Kg4 40. a5 h3 41. Kc4 Kf3 42. Kd3 1-0

[Event "OLNW 2223 Delmenhorster SK - SV Lingen"]
[Site "?"]
[Date "2022.10.23"]
[Round "1.3"]
[White "Gazic, Josip"]
[Black "Mossakowski, Florian"]
[Result "0-1"]
[WhiteElo "2137"]
[BlackElo "2280"]
[PlyCount "118"]
[EventDate "2022.??.??"]

1. e4 c5 2. Nf3 d6 3. d4 cxd4 4. Nxd4 Nf6 5. Nc3 Nc6 6. Bc4 e6 7. O-O Be7 8. Re1 O-O 9. Nb3 a6 10. a3 b5 11. Bf1 Bb7 12. Bf4 Rc8 13. Re3 Ne5 14. Bxe5 dxe5 15. Bd3 Qc7 16. Nb1 Rfd8 17. N1d2 Nd7 18. Rh3 Nb6 19. Qh5 h6 20. Nf3 Nc4 21. Re1 Bf8 22. Bxc4 bxc4 23. Nbd2 g6 24. Rg3 Bg7 25. Qh3 c3 26. bxc3 Qxc3 27. Nf1 Qa5 28. Qh4 Rc4 29. h3 Rdc8 30. Re3 Qd8 31. Qxd8+ Rxd8 32. Rb3 Bc6 33. Ne3 Rxe4 34. Rb6 Bb5 35. Rg4 Rxg4 36. hxg4 Be2 37. c4 e4 38. Nh2 Bd4 39. Rxa6 Bxe3 40. fxe3 Bxc4 41. Ra4 Rd1+ 42. Kf2 Bd3 43. g5 Rd2+ 44. Kg3 h5 45. Ra8+ Kg7 46. a4 Re2 47. a5 Rxe3+ 48. Kf4 Re2 49. Kg3 Ra2 50. Ra7 Bb5 51. Kh3 Ra1 52. g4 e3 53. Nf3 e2 54. gxh5 gxh5 55. g6 Kxg6 56. Rb7 Bc6 57. Ne5+ Kf5 58. Nxc6 e1=Q 59. Rxf7+ Kg6 0-1